000 00427nam a2200145 a 4500
001 000036063
005 20200930074837.0
008 111125s1991 dr a r 000 spa d
040 _aDO-SdBNP
_bspa
_cBNPHU
082 _axxx
_bR426g
245 0 _aRepública Dominicana { Santo Domingo} : guia del viajero.
260 _aSanto Domingo :
_bSusaeta,
_c1991.
300 _a73 p. :
_bil. ;
_c185 cm.
590 _aInventariado, 2019 / DG
999 _c35554
_d35554